| 000 | 00589nam a2200205 a 4500 | ||
|---|---|---|---|
| 005 | 20140310183455.0 | ||
| 008 | 090806s19uu xx 00 eng d | ||
| 020 | _a0071254528 | ||
| 050 |
_aHD 30.28 _b.B828 2006 |
||
| 100 | _aBurgelman, Robert A. | ||
| 245 |
_aStrategic dynamics : _bconcepts and cases / _cRobert A. Burgelman |
||
| 260 |
_aBoston : _bMcGraw Hill, _c2006. |
||
| 300 |
_a504 p. : _bill. ; _c24 cm. |
||
| 521 | _aBSBA | ||
| 650 | _aStrategic planning. | ||
| 650 | _aInformation technology. | ||
| 700 | _aGrove, Andrew S. | ||
| 942 |
_cBK _2lcc _kFOR |
||
| 999 |
_c23586 _d23586 |
||